PAPIROFLEXIA (Registro nro. 68486)

Detalles MARC
000 -LEADER
fixed length control field 00267nac a2200097zu 4500
008 - FIXED-LENGTH DATA ELEMENTS--GENERAL INFORMATION
fixed length control field 260115e1995 mx a|||br|||| 000 0 spa d
245 ## - TITLE STATEMENT
Title PAPIROFLEXIA
Remainder of title ORIGAMI
260 ## - PUBLICATION, DISTRIBUTION, ETC.
Place of publication, distribution, etc. MÉXICO:
Name of publisher, distributor, etc. COLÍN Y ASOCIADOS
Date of publication, distribution, etc. 1995
300 ## - PHYSICAL DESCRIPTION
Extent 14 páginas;
Dimensions 20.5 X 20.7 cm
942 ## - ADDED ENTRY ELEMENTS (KOHA)
Source of classification or shelving scheme Dewey Decimal Classification
Koha item type General Infantil
Existencias
Withdrawn status Lost status Source of classification or shelving scheme Damaged status Not for loan Collection code Home library Current library Date acquired Source of acquisition Total Checkouts Full call number Barcode Date last seen Copy number Price effective from Koha item type
Material Descartado   Dewey Decimal Classification   Material No Para Préstamo General Infantil BIBLIOTECA PÚBLICA CENTRAL ESTATAL “FRANCISCO CERVANTES” BIBLIOTECA PÚBLICA CENTRAL ESTATAL “FRANCISCO CERVANTES” 01/15/2026 DONADO   700A3 45986 01/15/2026 EJ. 1 01/15/2026 General Infantil